[Event "Klatovy op-B 24th"]
[Site "Klatovy"]
[Date "2018.07.04"]
[Round "5"]
[White "Fekete, Frantisek"]
[Black "Vavrinkova, Jitka"]
[Result "1/2-1/2"]
[WhiteElo "1383"]
[BlackElo "1637"]
[PlyCount "27"]
[EventDate "2018.06.30"]
[EventType "swiss"]
[EventRounds "9"]
[EventCountry "CZE"]
[SourceTitle "CBM 185 Extra"]
[Source "ChessBase"]
[SourceDate "2018.07.29"]
[SourceVersion "1"]
[SourceVersionDate "2018.07.29"]
[SourceQuality "1"]

1. e4 e6 2. d4 d5 3. e5 c5 4. c3 Nc6 5. Nf3 Qb6 6. Bd3 Bd7 7. dxc5 Bxc5 8. 0-0 f6 9. b4 Be7 10. Bf4 fxe5 11. Nxe5 Nf6 12. Nd2 Nxe5 13. Bxe5 0-0 14. Qe2 1/2-1/2

[Event "Klatovy op-B 24th"]
[Site "Klatovy"]
[Date "2018.07.03"]
[Round "4"]
[White "Jelinek, Frantisek"]
[Black "Fekete, Frantisek"]
[Result "1-0"]
[WhiteElo "1039"]
[BlackElo "1383"]
[PlyCount "46"]
[EventDate "2018.06.30"]
[EventType "swiss"]
[EventRounds "9"]
[EventCountry "CZE"]
[SourceTitle "CBM 185 Extra"]
[Source "ChessBase"]
[SourceDate "2018.07.29"]
[SourceVersion "1"]
[SourceVersionDate "2018.07.29"]
[SourceQuality "1"]

1. e4 e5 2. Nf3 Nc6 3. Bc4 Nf6 4. d3 Bc5 5. Be3 Bb6 6. 0-0 d6 7. Nc3 0-0 8. d4 exd4 9. Nxd4 Ne5 10. Bd3 Nfg4 11. Nd5 Nxe3 12. fxe3 c5 13. Nf5 Be6 14. Be2 Re8 15. Bb5 Rf8 16. Nde7+ Kh8 17. Qxd6 Qxd6 18. Nxd6 a6 19. Ba4 Bd8 20. Nef5 b5 21. Nxb5 axb5 22. Bxb5 Bf6 23. Nh6 Bf5 1-0

[Event "Klatovy op-B 24th"]
[Site "Klatovy"]
[Date "2018.07.01"]
[Round "2"]
[White "Perik, Alois"]
[Black "Fekete, Frantisek"]
[Result "1-0"]
[WhiteElo "1832"]
[BlackElo "1383"]
[PlyCount "57"]
[EventDate "2018.06.30"]
[EventType "swiss"]
[EventRounds "9"]
[EventCountry "CZE"]
[SourceTitle "CBM 185 Extra"]
[Source "ChessBase"]
[SourceDate "2018.07.29"]
[SourceVersion "1"]
[SourceVersionDate "2018.07.29"]
[SourceQuality "1"]

1. c4 e5 2. Nc3 d6 3. g3 g6 4. Bg2 Bg7 5. d3 c6 6. Nf3 Nf6 7. 0-0 0-0 8. Bg5 Nbd7 9. Qd2 Re8 10. Rfe1 Qe7 11. b4 Nf8 12. b5 Bd7 13. Rab1 Rab8 14. Ne4 Nxe4 15. dxe4 Bf6 16. Be3 b6 17. Red1 cxb5 18. cxb5 Rbc8 19. a4 Be6 20. Ne1 Red8 21. Nc2 Nd7 22. Nb4 Nb8 23. Nd5 Bxd5 24. exd5 Bg7 25. a5 Nd7 26. Bh3 Rc7 27. Bxd7 Qxd7 28. axb6 axb6 29. Bxb6 1-0

[Event "Klatovy op-B 23rd"]
[Site "Klatovy"]
[Date "2017.07.06"]
[Round "6"]
[White "Fekete, Frantisek"]
[Black "Novotny, Jaromir"]
[Result "1/2-1/2"]
[WhiteElo "1678"]
[BlackElo "1394"]
[PlyCount "36"]
[EventDate "2017.07.01"]
[EventType "swiss"]
[EventRounds "9"]
[EventCountry "CZE"]
[SourceTitle "EXT 2018"]
[Source "ChessBase"]
[SourceDate "2017.10.13"]
[SourceVersion "1"]
[SourceVersionDate "2017.10.13"]
[SourceQuality "1"]

1. e4 c5 2. Nc3 g6 3. g3 Bg7 4. Bg2 Nc6 5. d3 d6 6. f4 e5 7. Nh3 Nge7 8. 0-0 Bd7 9. Nf2 0-0 10. a3 a6 11. Bd2 b5 12. Rb1 Rb8 13. Nd5 Nxd5 14. exd5 Ne7 15. fxe5 Bxe5 16. Bc3 Bxc3 17. bxc3 Qa5 18. c4 f5 1/2-1/2

[Event "Klatovy op-B 23rd"]
[Site "Klatovy"]
[Date "2017.07.04"]
[Round "4"]
[White "Fekete, Frantisek"]
[Black "Kubat, Ladislav"]
[Result "1-0"]
[WhiteElo "1678"]
[BlackElo "1482"]
[PlyCount "51"]
[EventDate "2017.07.01"]
[EventType "swiss"]
[EventRounds "9"]
[EventCountry "CZE"]
[SourceTitle "EXT 2018"]
[Source "ChessBase"]
[SourceDate "2017.10.13"]
[SourceVersion "1"]
[SourceVersionDate "2017.10.13"]
[SourceQuality "1"]

1. e4 e5 2. Nf3 d6 3. d4 Nd7 4. Bc4 Be7 5. 0-0 c6 6. a4 Ngf6 7. Nc3 0-0 8. Bb3 b6 9. Qe2 Qc7 10. Rd1 Bb7 11. Bg5 Rad8 12. Qc4 exd4 13. Nxd4 Ne5 14. Qe2 Rfe8 15. f4 Ng6 16. Nf5 h6 17. Bxf6 Bxf6 18. Qh5 Nxf4 19. Qg4 Bg5 20. h4 Bc8 21. hxg5 Bxf5 22. exf5 hxg5 23. Qxg5 d5 24. Rf1 Ne2+ 25. Nxe2 Rxe2 26. f6 1-0

[Event "Klatovy op-B 23rd"]
[Site "Klatovy"]
[Date "2017.07.03"]
[Round "3"]
[White "Janous, Marek"]
[Black "Fekete, Frantisek"]
[Result "1/2-1/2"]
[WhiteElo "1168"]
[BlackElo "1678"]
[PlyCount "58"]
[EventDate "2017.07.01"]
[EventType "swiss"]
[EventRounds "9"]
[EventCountry "CZE"]
[SourceTitle "EXT 2018"]
[Source "ChessBase"]
[SourceDate "2017.10.13"]
[SourceVersion "1"]
[SourceVersionDate "2017.10.13"]
[SourceQuality "1"]

1. e4 e5 2. Nf3 Nc6 3. d4 exd4 4. Bc4 Nf6 5. 0-0 Nxe4 6. Re1 d5 7. Bxd5 Qxd5 8. Nc3 Qh5 9. Nxe4 Be6 10. Bg5 Bd6 11. h3 0-0 12. Nxd4 Qxd1 13. Raxd1 Nxd4 14. Nxd6 Nxc2 15. Re2 cxd6 16. Rxc2 Rac8 17. Rxc8 Rxc8 18. Rxd6 h6 19. Bf4 Kf8 20. Bd2 Ke8 21. a3 Rd8 22. Rxd8+ Kxd8 23. Bc3 g6 24. Kh2 h5 25. Kg3 Bd7 26. f4 Ke7 27. Kf2 Be6 28. h4 Kd6 29. Ke3 Kd5 1/2-1/2